000
00271nam a2200109Ia 4500
008
200302s9999 xx 000 0 und d
100
_a
Andreas Papadakis & Other
245
_a
New Classicism Omnibus Vol
260
_b
Academy Group. Ltd.
260
_c
1990
300
_a
264 P.,
999
_c
875
_d
875